000 00285nam a2200121Ia 4500
008 190216s9999||||xx |||||||||||||| ||und||
100 _aDr.Bharath Chandra Mishra
245 0 _aHindi-Laam Thanthr
260 _bNavasug Sahithya
_c2010
300 _a152
650 _aHindi
942 _cBK
999 _c16669
_d16669